| 000 | 00472nam a22001937a 4500 | ||
|---|---|---|---|
| 003 | AR-RoIUNI | ||
| 005 | 20210428113741.0 | ||
| 008 | 210428b xxu||||| |||| 00| 0 spa d | ||
| 040 | _cIUNIR | ||
| 080 | _a616 | ||
| 110 | 1 | _aMedical Profession | |
| 245 | _aDiabetes Mellitus | ||
| 250 | _a8a. ed. | ||
| 260 |
_aIndianĂ¡polis _bLilly and Company _c1979 |
||
| 300 | _a201 p. | ||
| 650 | _aDiabetes Mellitus | ||
| 710 | _aLilly Research Laboratories | ||
| 942 |
_2cdu _cBK |
||
| 999 |
_c5224 _d5224 |
||